000 00878cam a22003011 4500
001 6599
003 BD-RjUL
005 20211208234257.0
008 140111s1978 nyua b 000 0 eng d
020 _a0828401195
035 _a(BD-RjUL)6640
035 _a(OCoLC)1555657
040 _aDLC
_cNmU
_dOCoLC
_dODaWU
_dDLC
_dBD-RjUL
_beng
041 1 _aeng
_hger
082 0 0 _a512.817
_bHAS
100 1 _aHausdorff, Felix,
_d1868-1942.
_920763
245 1 0 _aSet theory /
_cTranslated from the German by John R. Aumann, et al.
250 _a3d ed.
260 _aNew York,
_bChelsea Pub. Co.
_c[1978
300 _a352 p.
_billus.
_c24 cm.
500 _aTranslation of the third (1937) ed. of Mengenlehre.
504 _aIncludes bibliography.
650 0 _aSet theory.
_96065
942 _2ddc
_cBK
999 _c6599
_d6599